LEADER 01100cam0-2200349---450- 001 990004376790403321 005 20100422105859.0 010 $a3-935004-42-7 035 $a000437679 035 $aFED01000437679 035 $a(Aleph)000437679FED01 035 $a000437679 100 $a19990604d2001----km-y0itay50------ba 101 0 $aspa 102 $aDE 105 $ay-------001by 200 1 $aQuién hallará mujer fuerte?$fedición critica de Ignacio Arellano y Luis Galván 210 $aPamplona$cUniversidad de Navarra$aKassel$cReichenberger$d2001 215 $a160 p.$d25 cm 225 1 $aTeatro del siglo de oro$iEdiciones criticas$v122 225 1 $aAutos sacramentales completos de Calderón$iEdición critica$v35 676 $a862.3 700 1$aCalderón de la Barca,$bPedro$f<1600-1681>$0433597 702 1$aArellano,$bIgnacio 702 1$aGalván,$bLuis 801 0$aIT$bUNINA$gRICA$2UNIMARC 901 $aBK 912 $a990004376790403321 952 $a862.3 BARCA 2(35)$fFLFBC 959 $aFLFBC 996 $aQuién hallará mujer fuerte$9541960 997 $aUNINA LEADER 01519nam 2200433I 450 001 9910709675903321 005 20180524143336.0 035 $a(CKB)5470000002471475 035 $a(OCoLC)1037277187 035 $a(EXLCZ)995470000002471475 100 $a20180524j198401 ua 0 101 0 $aeng 135 $aur||||||||||| 181 $ctxt$2rdacontent 182 $cc$2rdamedia 183 $acr$2rdacarrier 200 00$aIMCS reflight certification requirements and design specifications 210 1$aHuntsville, Alabama :$cNational Aeronautics and Space Administration, George C. Marshall Space Flight Center,$dJanuary 1984. 215 $a1 online resource (61 pages) $cillustrations 225 1 $aNASA/CR ;$v170968 300 $a"10 January 1984." 517 3 $aImage motion compensation system certification requirements and design specifications 606 $aFlight operations$2nasat 606 $aCertification$2nasat 606 $aImage motion compensation$2nasat 606 $aGround support equipment$2nasat 606 $aSoftware engineering$2nasat 615 7$aFlight operations. 615 7$aCertification. 615 7$aImage motion compensation. 615 7$aGround support equipment. 615 7$aSoftware engineering. 712 02$aGeorge C. Marshall Space Flight Center, 801 0$bGPO 801 1$bGPO 906 $aBOOK 912 $a9910709675903321 996 $aIMCS reflight certification requirements and design specifications$93258488 997 $aUNINA